00297 a2200133 4500001000700000020002100007040001100028100002500039240003700064245003200101300000800133362000900141440001300150170285 a978-85-262-604-9 cMagnum aSene, Eustáquio de10aGeografia geral e do Brasillpor10aGeografia geral e do Brasil a5600 a2008 1aScipione